000 00348nam a2200133Ia 4500
008 240624s9999 xx 000 0 und d
041 _aeng
082 _a828 GUH
100 _aGUHA RAMACHANDRA
245 _aSAVING THE CIVILIZED VERRIER ELWIN HIS T
260 _c2014
_aNew Delhi
_bPenguin
300 _axx, : 403 : p. : cm. ; 22
365 _cRS
_b30
999 _c26857
_d26857